Compression cycles for environmentally acceptable refrigeration, air conditioning and heat pump systems
Αποθηκεύτηκε σε:
| Μορφή: | Άγνωστο |
|---|---|
| Έκδοση: |
Paris : International Institute of Refrigeration,
1992
|
| Θέματα: | |
| Ετικέτες: |
Προσθήκη ετικέτας
Δεν υπάρχουν, Καταχωρήστε ετικέτα πρώτοι!
|
MARC
| LEADER | 00000 a2200000 4500 | ||
|---|---|---|---|
| 003 | 000885 | ||
| 005 | 20221231143835.0 | ||
| 008 | 140114s1992 fr a 000 ||e d | ||
| 040 | |c cru CEDI | ||
| 082 | |a 621.56 C736c | ||
| 245 | |a Compression cycles for environmentally acceptable refrigeration, air conditioning and heat pump systems | ||
| 260 | |c 1992 |a Paris : International Institute of Refrigeration, | ||
| 300 | |a 173 páginas; ilustraciones, |b fotocopia | ||
| 650 | |x AIRE ACONDICIONADO |x REFRIGERACION |9 18722 | ||
| 942 | |2 ddc |c BK | ||
| 999 | |c 12968 |d 12968 | ||
